00626nam a2200181Ia 4500952013900000999001700139003000400156005001700160008004100177040000900218082001800227100003000245245005500275260005000330300000800380650001300388942004300401 00102ddc40708SPORTS AND GAMESaMESbMEScPHYSd2019-02-20g1.50l0o796.48 DEM/Tp9885r2019-02-20 00:00:00w2019-02-20yBKzU22R2 c35429d35429OSt20201130145109.0190216s9999||||xx |||||||||||||| ||und|| coclc a796.48bDEM/T aDemellow, Melville 97053 4aThe Olympics And Their Heroes /cMelville Demellow bNational Book Trust India,c1974.aNew Delhi: a64p aOlympics cREF2ddch796.48iDEM/Tk796.48mDEM/T